Obálka
Pro půjčování e-knih musíte být přihlášeni.
Jak si půjčit online?

Adam ze Zbraslavi a případ královských diplomatů : 4 /

Uloženo v:
Série:V královských službách, část 4
Hlavní autor: Whitton, Hana, 1950- (Autor)
Další autoři: Rašilov, Saša, 1972- (Autor), Nováková, Jindřiška, 1954- (Vypravěč-komentátor)
Médium: E-audiokniha
Jazyk:Czech
Vydáno: Praha : Voxi, [2025]
Edice:Historická detektivka
Témata:
Příbuzné jednotky:Z cyklu:: V královských službách
Tagy:
Žádné tagy
LEADER 04584nim a2200973 i 4500
001 313414
003 CZ PrSKC
005 20260601215742.0
007 sd fungnnmmned
008 250430t20252025xr nnnng f n cze
015 |a cnb003683715 
020 |a 9788074483929 :  |c Kč 349,00 
040 |a ABA001  |b cze  |e rda 
072 7 |a 821.162.3-3  |x Česká próza  |2 Konspekt 
080 |a 821.162.3-31  |2 MRF 
080 |a (0:82-312.4)  |2 MRF 
080 |a (0:82-311.6)  |2 MRF 
080 |a (086.7)08  |2 MRF 
080 |a (086.76)  |2 MRF 
100 1 |a Whitton, Hana,  |d 1950-  |7 jn19981001688  |4 aut 
245 1 0 |a Adam ze Zbraslavi a případ královských diplomatů :  |b 4 /  |c Hana Whitton 
264 1 |a Praha :  |b Voxi,  |c [2025] 
264 4 |c ©2025 
300 |a 1 audiodisk (8 hod., 55 min.) ;  |c 12 cm 
306 |a 085500 
336 |a mluvené slovo  |b spw  |2 rdacontent 
337 |a audio  |b s  |2 rdamedia 
338 |a audiodisk  |b sd  |2 rdacarrier 
344 |a digital  |b optical  |2 rda 
347 |a audio soubor  |b MP3  |2 rda 
490 1 |a Historická detektivka ;  |v 4 
500 |a Název z disku 
500 |a Vydalo nakladatelství Voxi ve společnosti Albatros Media a.s. 
500 |a Podle stejnojmenné knihy vydané nakladatelstvím Vyšehrad v roce 2025 
500 |a Nezkrácená audiokniha ve formátu MP3 
508 |a Režie, Jindřiška Nováková 
511 0 |a Čte Saša Rašilov 
518 |o Nahráno  |d 2025  |p studio Karpofon (AudioStory) 
655 7 |a české romány  |7 fd133974  |2 czenas 
655 7 |a detektivní romány  |7 fd132010  |2 czenas 
655 7 |a historické romány  |7 fd132414  |2 czenas 
655 7 |a audioknihy  |7 fd119452  |2 czenas 
655 7 |a kompaktní disky  |7 fd201991  |2 czenas 
655 9 |a Czech fiction  |2 eczenas 
655 9 |a detective novels  |2 eczenas 
655 9 |a historical novels  |2 eczenas 
655 9 |a audiobooks  |2 eczenas 
655 9 |a compact discs  |2 eczenas 
700 1 |a Rašilov, Saša,  |d 1972-  |7 js20021118002  |4 nrt 
700 1 |a Nováková, Jindřiška,  |d 1954-  |7 jn20010601354  |4 drt 
787 0 8 |i Z cyklu:  |t V královských službách  |g 4 
830 0 |a Historická detektivka 
900 |a ABA001  |b 21 
928 9 |a Albatros Media 
044 |a xr 
505 0 0 |t 01_Petr z Aspeltu a neblahe udalosti v mohucskem arcibiskupstvi (18 min., 52 sek.) 
505 0 0 |t 02_Petr z Aspeltu a neblahe udalosti v mohucskem arcibiskupstvi - pokracovani (13 min., 9 sek.) 
505 0 0 |t 03_Osudne listy zbraslavskeho arcibiskupa Konrada (30 min., 28 sek.) 
505 0 0 |t 04_Osudne listy zbraslavskeho arcibiskupa Konrada - pokracovani (15 min., 17 sek.) 
505 0 0 |t 05_Osudne listy zbraslavskeho arcibiskupa Konrada - pokracovani (14 min., 54 sek.) 
505 0 0 |t 06_Nyklas z Mazovy Horky (18 min., 44 sek.) 
505 0 0 |t 07_Nyklas z Mazovy Horky - pokracovani (20 min., 9 sek.) 
505 0 0 |t 08_Nyklas z Mazovy Horky - pokracovani (20 min., 0 sek.) 
505 0 0 |t 09_Pohnuty pribeh Zavise z Falkenstejna (19 min., 58 sek.) 
505 0 0 |t 10_Pohnuty pribeh Zavise z Falkenstejna - pokracovani (23 min., 41 sek.) 
505 0 0 |t 11_Pohnuty pribeh Zavise z Falkenstejna - pokracovani (14 min., 28 sek.) 
505 0 0 |t 12_Svatovaclavska mse na Zbraslavi (16 min., 34 sek.) 
505 0 0 |t 13_Svatovaclavska mse na Zbraslavi - pokracovani (21 min., 57 sek.) 
505 0 0 |t 14_Ossuarium v Sedlci (22 min., 7 sek.) 
505 0 0 |t 15_Ossuarium v Sedlci - pokracovani (28 min., 43 sek.) 
505 0 0 |t 16_Cesta na Zajeci ostrov (28 min., 41 sek.) 
505 0 0 |t 17_Cesta na Zajeci ostrov - pokracovani (25 min., 40 sek.) 
505 0 0 |t 18_Svedectvi kralovského diplomata Petra z Aspeltu (28 min., 5 sek.) 
505 0 0 |t 19_Svedectvi kralovského diplomata Petra z Aspeltu - pokracovani (22 min., 46 sek.) 
505 0 0 |t 20_Svedectvi kralovského diplomata Petra z Aspeltu - pokracovani (19 min., 40 sek.) 
505 0 0 |t 21_Pomsta nikdy neumira (20 min., 42 sek.) 
505 0 0 |t 22_Pomsta nikdy neumira - pokracovani (19 min., 47 sek.) 
505 0 0 |t 23_Pomsta nikdy neumira - pokracovani (27 min., 41 sek.) 
505 0 0 |t 24_Komtur Jan (16 min., 19 sek.) 
505 0 0 |t 25_Komtur Jan - pokracovani (19 min., 30 sek.) 
505 0 0 |t 26_Epilog (5 min., 25 sek.) 
910 |a RBIT002 
998 |d 419853  |a https://core.palmknihy.cz/api/books/419853/cover?sug7ft  |b https://core.palmknihy.cz/api/books/419853/cover/400?sug7ft  |c https://core.palmknihy.cz/api/books/419853/cover/50?sug7ft  |e 2035-12-31  |i 9788074483929  |l 32040  |q 49  |r 1  |s https://www.palmknihy.cz/kniha/419853  |t audiobook  |y 2025  |z 0  |v V královských službách  |w 4 
999 |d 313412